| 000 | 00312nam a2200109 4500 | ||
|---|---|---|---|
| 999 |
_c10600 _d10600 |
||
| 008 | 180907b ||||| |||| 00| 0 eng d | ||
| 245 | _aUS agencies tapped in fight vs invest scams. | ||
| 260 |
_aPhilippines _bThe Philippine Star _cc2016 |
||
| 300 | _apage B-4. | ||
| 650 | 0 |
_931013 _aInvestments. |
|
| 942 |
_2ddc _cPER |
||